[Event "Titled Tuesday intern op 18th Jul Late"]
[Site "Chess.com INT"]
[Date "2023.07.18"]
[Round "3"]
[White "Mujumdar, Sameer Suhas"]
[Black "Ovchinnikov, Vsevolod"]
[Result "1-0"]
[WhiteElo "1992"]
[BlackElo "2426"]
[PlyCount "157"]
[EventDate "2023.07.18"]
[EventType "swiss (blitz)"]
[EventRounds "11"]
[EventCountry "USA"]
[SourceTitle "EXT 2024"]
[Source "ChessBase"]
[SourceDate "2023.10.10"]
[SourceVersion "1"]
[SourceVersionDate "2023.10.10"]
[SourceQuality "1"]

1. d4 Nf6 2. Nf3 g6 3. Bf4 Bg7 4. Nbd2 d6 5. c3 Nfd7 6. e4 e5 7. Be3 Nc6 8. Bd3 0-0 9. 0-0 h6 10. a3 b6 11. Qc2 Bb7 12. Rad1 a6 13. Nc4 Qe8 14. Qc1 Kh7 15. Rfe1 Rd8 16. Bb1 Qe7 17. b4 Nf6 18. d5 Nb8 19. h3 Bc8 20. Ncd2 Ne8 21. Nf1 f5 22. exf5 Bxf5 23. Ng3 Bxb1 24. Qxb1 Nd7 25. h4 Rf7 26. h5 Nf8 27. Qd3 Ra8 28. Ne4 Kh8 29. hxg6 Nxg6 30. Nh2 Nf4 31. Bxf4 Rxf4 32. g3 Rf7 33. Kg2 Nf6 34. Nxf6 Qxf6 35. Ng4 Qg5 36. Qe4 Raf8 37. Rh1 Kg8 38. Rh4 Rf5 39. Rf1 h5 40. Ne3 R5f6 41. c4 Bh6 42. Rhh1 Qg7 43. Qh4 Bxe3 44. fxe3 Rxf1 45. Rxf1 Rxf1 46. Kxf1 Qf7+ 47. Ke2 Kh7 48. Qd8 Kg6 49. Qc8 a5 50. bxa5 bxa5 51. Qa6 e4 52. Qxa5 Qf3+ 53. Kd2 Qf2+ 54. Kc3 Qxe3+ 55. Kb2 Qf2+ 56. Kb3 Qxg3+ 57. Kc2 Qd3+ 58. Kb2 Qxc4 59. Qa8 Qd4+ 60. Kc2 Qd3+ 61. Kc1 Qe3+ 62. Kc2 Qd3+ 63. Kc1 h4 64. Qg8+ Kf5 65. Qf7+ Kg4 66. Qg6+ Kh3 67. Qf5+ Kg2 68. Qg4+ Kf1 69. Qxh4 e3 70. Qh1+ Kf2 71. Qh2+ Kf3 72. Qh3+ Kf4 73. Qh4+ Ke5 74. Qg5+ Kd4 75. Qf4+ Kxd5 76. Qg5+ Kc4 77. Qf4+ Kb3 78. Qb4+ Ka2 79. Qb2# 1-0

[Event "Titled Tuesday intern op 18th Jul Early"]
[Site "Chess.com INT"]
[Date "2023.07.18"]
[Round "4"]
[White "Ovchinnikov, Vsevolod"]
[Black "Bueno, Alfeu Varela Jr"]
[Result "1-0"]
[WhiteElo "2426"]
[BlackElo "2135"]
[PlyCount "83"]
[EventDate "2023.07.18"]
[EventType "swiss (blitz)"]
[EventRounds "11"]
[EventCountry "USA"]
[SourceTitle "EXT 2024"]
[Source "ChessBase"]
[SourceDate "2023.10.10"]
[SourceVersion "1"]
[SourceVersionDate "2023.10.10"]
[SourceQuality "1"]

1. d4 e6 2. c4 f5 3. g3 Nf6 4. Bg2 Be7 5. Nf3 0-0 6. 0-0 d6 7. b3 Nc6 8. Bb2 Qe8 9. Nbd2 Qh5 10. e3 Bd7 11. Ne1 Qh6 12. Ndf3 Rae8 13. d5 Nd8 14. dxe6 Nxe6 15. Nd4 Nxd4 16. Bxd4 b6 17. Nd3 Ne4 18. Qc2 Bg5 19. Rae1 Re7 20. Bb2 Rfe8 21. Re2 Rf8 22. Rfe1 Be8 23. Bc1 Bh5 24. f3 Nc5 25. Nb4 Be8 26. Nd5 Ref7 27. b4 Ne6 28. f4 Bd8 29. Bb2 c6 30. Nc3 Bf6 31. Qd3 Rd7 32. e4 Nd4 33. Rf2 fxe4 34. Nxe4 c5 35. Nxf6+ Qxf6 36. Rd2 Bg6 37. Bxd4 Qd8 38. Qc3 cxd4 39. Rxd4 Re8 40. Rxe8+ Qxe8 41. Bf3 Re7 42. Kf2 1-0

[Event "Titled Tuesday intern op 18th Jul Early"]
[Site "Chess.com INT"]
[Date "2023.07.18"]
[Round "10"]
[White "Ovchinnikov, Vsevolod"]
[Black "Jimenez Almeida, Luis David"]
[Result "0-1"]
[WhiteElo "2426"]
[BlackElo "2242"]
[PlyCount "164"]
[EventDate "2023.07.18"]
[EventType "swiss (blitz)"]
[EventRounds "11"]
[EventCountry "USA"]
[SourceTitle "EXT 2024"]
[Source "ChessBase"]
[SourceDate "2023.10.10"]
[SourceVersion "1"]
[SourceVersionDate "2023.10.10"]
[SourceQuality "1"]

1. d4 g6 2. Nf3 f5 3. g3 Nf6 4. Bg2 Bg7 5. b3 0-0 6. Bb2 d6 7. Nbd2 Qe8 8. 0-0 c6 9. c4 Nbd7 10. Ba3 a5 11. Qc2 a4 12. e3 h6 13. Rfd1 Nh5 14. Bb4 g5 15. Rab1 Ndf6 16. Re1 Qg6 17. Rbc1 axb3 18. axb3 Qf7 19. Re2 Ne4 20. Ne1 Nxd2 21. Qxd2 f4 22. exf4 gxf4 23. Bf3 fxg3 24. hxg3 Nf6 25. Bc3 Bf5 26. Kg2 Qg6 27. Rxe7 Rae8 28. Rxe8 Rxe8 29. Qf4 d5 30. Ba1 Nh5 31. Qh4 Nf6 32. Kg1 dxc4 33. bxc4 Kh8 34. Ng2 Qf7 35. Nf4 Ne4 36. d5 Ng5 37. Bxg7+ Kg8 38. Bg2 Qxg7 39. dxc6 Qb2 40. Rf1 bxc6 41. Qxh6 Qg7 42. Qxg7+ Kxg7 43. Bxc6 Rc8 44. Bd5 Kf6 45. Re1 Rc7 46. Kg2 Bg4 47. Re3 Bf5 48. Ne2 Bh3+ 49. Kg1 Ra7 50. f3 Ra1+ 51. Kh2 Bf1 52. g4 Bxe2 53. Rxe2 Rc1 54. Kg3 Rg1+ 55. Kf2 Rc1 56. f4 Nh3+ 57. Kg3 Rc3+ 58. Kh4 Nxf4 59. Rf2 Ke5 60. Bg8 Rh3+ 61. Kg5 Rh8 62. Bd5 Nh3+ 63. Kg6 Nxf2 64. g5 Nh3 65. Kg7 Rc8 66. g6 Nf4 67. Kh6 Kf6 68. g7 Ne6 69. Kh7 Nxg7 70. Kh6 Nf5+ 71. Kh5 Rh8+ 72. Kg4 Ne3+ 73. Kf4 Nxd5+ 74. cxd5 Rd8 75. Ke4 Ke7 76. Ke5 Kd7 77. Kd4 Rh8 78. Kc4 Rh5 79. Kc5 Rg5 80. Kc4 Kd6 81. Kd4 Rxd5+ 82. Ke4 Ra5 0-1

[Event "Titled Tuesday intern op 11th Jul Late"]
[Site "Chess.com INT"]
[Date "2023.07.11"]
[Round "5"]
[White "Duda, Jan Krzysztof"]
[Black "Ovchinnikov, Vsevolod"]
[Result "1/2-1/2"]
[WhiteElo "2732"]
[BlackElo "2426"]
[PlyCount "121"]
[EventDate "2023.07.11"]
[EventType "swiss (blitz)"]
[EventRounds "11"]
[EventCountry "USA"]
[SourceTitle "EXT 2024"]
[Source "ChessBase"]
[SourceDate "2023.10.10"]
[SourceVersion "1"]
[SourceVersionDate "2023.10.10"]
[SourceQuality "1"]

1. d4 Nf6 2. c4 g6 3. g3 d5 4. cxd5 Nxd5 5. Bg2 Bg7 6. Nf3 Nb6 7. Nc3 Nc6 8. e3 0-0 9. 0-0 e5 10. d5 Ne7 11. e4 Bg4 12. h3 Bxf3 13. Qxf3 c6 14. Rd1 cxd5 15. exd5 Nf5 16. d6 Rb8 17. Qd3 Qd7 18. b3 Rbc8 19. Ba3 Nd4 20. Rac1 Rfd8 21. Qd2 h6 22. Bb4 Kh7 23. Ne4 Qf5 24. g4 Nf3+ 25. Bxf3 Qxf3 26. Qe3 Qxe3 27. fxe3 Rxc1 28. Rxc1 f5 29. Nc3 e4 30. gxf5 gxf5 31. Bc5 Nd7 32. Bxa7 Rc8 33. Ne2 Rxc1+ 34. Nxc1 Be5 35. Ne2 Bxd6 36. Bd4 Kg6 37. Kf2 Kg5 38. a4 Ne5 39. Bxe5 Bxe5 40. b4 Kf6 41. a5 Bc7 42. Nc3 Ke5 43. Kg3 Bd8 44. Kf2 Bc7 45. Ke2 Bd8 46. Kd2 Be7 47. b5 Bb4 48. a6 bxa6 49. bxa6 Bc5 50. Nb5 f4 51. exf4+ Kxf4 52. a7 Bxa7 53. Nxa7 Kf3 54. Ke1 Kg3 55. Nc6 Kxh3 56. Ne7 h5 57. Ng6 Kg4 58. Ke2 h4 59. Nxh4 Kxh4 60. Ke3 Kg3 61. Kxe4 1/2-1/2